• 首页
  • 本馆介绍
  • 公告通知
  • 最新文献
  • 馆藏检索
  • 电子资源
  • 读者导购
  • 参考咨询
  • 我的图书馆
  • 登录
  • 详细信息显示
  • 放入我的书架
  • 预约/预借图书
  • 作者相关作品
  • 分类相关作品
  • 丛书相关作品
  • 出版社相关作品

书目信息

  • 表格格式
  • 工作单格式
  • 卡片格式
题名:
美声艺术理论与教育反思
    
 
作者: 刘志华 著
分册:  
出版信息: 北京   北京工业大学出版社  2021.5
页数: 193页
开本: 23cm
丛书名:
单 册:
中图分类: J616.21
科图分类:
主题词: 美声唱法--音乐教育--研究
电子资源:
ISBN: 978-7-5639-6737-7
000 00860nam0 2200229 45
001 489854
005 20140818182807.0
010    @a978-7-5639-6737-7@dCNY59.80
100    @a20200806d2018 em y0chiy0110 ea
101 0  @achi
102    @aCN@b110000
105    @aag z 000yy
106    @ar
200 1  @a美声艺术理论与教育反思@Amei sheng yi shu li lun yu jiao yu fan si@f刘志华著
210    @a北京@c北京工业大学出版社@d2021.5
215    @a193页@c图@d23cm
330    @a本书以教育理论为基点,就美声艺术理论的知识与美声教育展开论述,主要内容包括:美声唱法概述、美声演唱生理基础、美声演唱实用技巧、美声演唱的技术难点、练声训练与练声曲的选择、当代美声唱法教学存在的问题与反思。
606 0  @a美声唱法@x音乐教育@x研究
690    @aJ616.21@v5
701  0 @a刘志华@Aliu zhi hua@c(声乐)@4著
801    @aCN@b江苏凤凰@c20211018
905    @b1356639-42@dJ616.21@e1407@f4
    
    美声艺术理论与教育反思/刘志华著.-北京:北京工业大学出版社,2021.5
    193页:图;23cm
    
    
    ISBN 978-7-5639-6737-7:CNY59.80
    本书以教育理论为基点,就美声艺术理论的知识与美声教育展开论述,主要内容包括:美声唱法概述、美声演唱生理基础、美声演唱实用技巧、美声演唱的技术难点、练声训练与练声曲的选择、当代美声唱法教学存在的问题与反思。
●
相关链接 在E读中查询图书 在五车中查询图书 在当当中查询图书 在豆瓣中查询图书


正题名:美声艺术理论与教育反思     索取号:J616.21/1407         预约/预借

序号 登录号 条形码 馆藏地/架位号 状态 备注
1 1356639   213566390   第一样本阅览室/ [索取号:J616.21/1407] 在馆    
2 1356640   213566407   第一借阅区/ [索取号:J616.21/1407] 在馆    
3 1356641   213566416   第一借阅区/ [索取号:J616.21/1407] 在馆    
4 1356642   213566425   第一借阅区/ [索取号:J616.21/1407] 在馆    
唐山师范学院图书馆 欢迎您!
大连网信软件有限公司© 版权所有